00756nam a2200181Ia 4500008004100000020001500041050002000056050001500076110002100091245008000112260004300192300001600235504008500251505016700336650002500503650002900528650001700557120626s9999 xx 000 0 und d a968280092704aBF78 P7518 198704aBF713bV54 aReader´s Digest10aVida y psicologiab : Selecciones del Reader´s Digestc / Reader´s Digest aMéxicob : Reader´s Digestc , 1987 a576 paginas aIncluye: Índice de contenido Evaluación de las pruebas Índice alfabético aLa psicología al servicio del hombre Esa maquina que se llama psique La personalidad en las distintas edades Cuando algo no funciona El individuo en la sociedad17aPSICOLOGIAxSOCIEDAD 0aPROCESOS DEL PENSAMIENTO 0aPERSONALIDAD